Continente por população - Statistics

Estatísticas Gerais
  • Esse quiz foi jogado 188 vezes
  • A pontuação média é 7 de 7
Estatísticas das Respostas
População Continente % Correto
4.641.360.789 Ásia
100%
1.308.064.176 África
99%
851.605.800 Europa
99%
507.255.445 América do Norte
95%
441.680.817 América do Sul
95%
42.128.047 Oceania
93%
93.456.444 América Central
86%
Nenhum quiz correspondente encontrado
Distribuição das Pontuações
Porcentagem de Pessoas com Cada Pontuação
Percentil de Números Respondidos
Sua Pontuação Histórica
Você não jogou esse quiz